| 000 | 02169 a2200241 4500 | ||
|---|---|---|---|
| 001 | 15159 | ||
| 005 | 20260407155449.0 | ||
| 008 | 260407a1994 arg spa d | ||
| 003 | AR-UNSa-BCEJYS | ||
| 040 |
_aAR-UNSa-BCEJYS _bspa _cAR-UNSa-BCEJYS |
||
| 080 |
_a004.4 _x"Software". Equipo lógico, componentes lógicos, logical, programas |
||
| 245 | 1 | 0 | _aAnálisis y diseño orientado a objetos |
| 020 | _a968-880-362-6 | ||
| 264 | 1 |
_aMéxico : _bPrentice-Hall Hispanoamericana _c1994 |
|
| 300 |
_axiv, 546 p. _c23 cm. |
||
| 505 | _a1. Una revolución industrial en el software - 2. Introducción básica - 3. ¿Por qué orientado a objetos? - 4. El futuro de software - 5. Modelos OO - 6. Análisis de la estructura de objetos - 7. Análisis del comportamiento de objetos - 8. Diseño de la estructura y el comportamiento de un objeto - 9. Estándares recomendados de diagramación - 10. Lenguajes de programación orientados a objetos - 11. Herramientas CASE - 12. Estándares para la interacción de objetos - 13. Bases de datos orientadas a objetos - 14. Ingeniería de la información orientada a objetos - 15. Conceptos y objetos - 16. Administración de la complejidad de un objeto - 17. Concepto versus tipo de objeto - 18. Tipos de objetos y asociaciones - 19. Funciones - 20. Relaciones - 21. Supertipos y subtipos - 22. Aspectos del comportamiento - 23. Tipos de eventos, reglas de activación, condiciones de control y operaciones - 24. Análisis del comportamiento de objetos - 25. Diagramas de flujo de objetos - 26. Diseño orientado a objetos: Asociación con las estructuras de los lenguajes de programación OO - 27. Diseño orientado a objetos: asociación con el comportamiento de un lenguaje de programación OO - 28. Diseño orientado a objetos: consideraciones en lenguajes no OO - 29. Administración de un proyecto OO | ||
| 942 | _cBK | ||
| 590 | _aniveau_biblio:m niveau_hierar:0 | ||
| 100 | 1 | _aMartin, James | |
| 700 | 1 | _aOdell, James J. | |
| 700 | 1 | _aPalmas Velasco, Oscar Alfredo | |
| 856 | 4 | 1 |
_uhttps://biblioeco.unsa.edu.ar/pmb/images/libros/An?lisis y dise?o orientado a objetos Martin, James (1994) .jpg _yImagen de portada _qimage/jpeg |
| 999 |
_c615 _d615 |
||